| 000 | 00629nam a22001937a 4500 | ||
|---|---|---|---|
| 999 |
_c180687 _d180687 |
||
| 005 | 20210813161313.0 | ||
| 010 | _aENG-129857 | ||
| 020 |
_c1250.00 _a978-93-88248-55-6 |
||
| 035 | _aEN-113389 | ||
| 037 | _bDBAD/PUB | ||
| 082 | _a333.9116 | ||
| 100 | _aVats, Madhu | ||
| 245 |
_aWater Conservation: Critical For Life on Earth : _cMadhu Vats |
||
| 250 | _a2019 | ||
| 260 |
_bGyan Geeta Prakashan _c2019 _aDelhi |
||
| 270 |
_k09716234769 _mgyangeetaprakashan@gmail.com _aF-7,GALI NO-1,Panchsheel garden Ext.Naveen Shahdara _bDelhi _e110032 |
||
| 300 |
_a302p. _c24cm (hbk) |
||
| 942 |
_2ddc _cEN _h333.9116 _kVAT |
||